[Event "Parana-ch"]
[Site "Curitiba"]
[Date "2013.01.25"]
[Round "7"]
[White "Okawati, Gabriel Akira Andra"]
[Black "Zanotti Mendonca, Caetano Hugo"]
[Result "1/2-1/2"]
[WhiteElo "1830"]
[BlackElo "2159"]
[PlyCount "53"]
[EventDate "2013.01.22"]
[EventType "swiss"]
[EventRounds "9"]
[EventCountry "BRA"]
[SourceTitle "CBM 152 Extra"]
[Source "ChessBase"]
[SourceDate "2013.02.25"]
[SourceVersion "1"]
[SourceVersionDate "2013.02.25"]
[SourceQuality "1"]

1. e4 c5 2. Nf3 Nc6 3. Nc3 g6 4. d4 cxd4 5. Nxd4 Bg7 6. Be3 Nf6 7. Bc4 0-0 8. 0-0 Nxe4 9. Nxc6 bxc6 10. Nxe4 d5 11. Nc5 dxc4 12. Qf3 Qd5 13. Qg3 Qd6 14. c3 Rd8 15. Qh4 Be6 16. Ne4 Qd5 17. Ng5 h5 18. Nxe6 Qxe6 19. Rfe1 Bf6 20. Bg5 Bxg5 21. Qxg5 Qf6 22. Qxf6 exf6 23. Rad1 Rab8 24. Rxd8+ Rxd8 25. Kf1 Rd2 26. Re2 Rd1+ 27. Re1 1/2-1/2

[Event "Parana-ch"]
[Site "Curitiba"]
[Date "2013.01.24"]
[Round "4"]
[White "Zanotti Mendonca, Caetano Hugo"]
[Black "Macedo, Thiago Crema"]
[Result "1/2-1/2"]
[WhiteElo "2159"]
[BlackElo "2065"]
[PlyCount "88"]
[EventDate "2013.01.22"]
[EventType "swiss"]
[EventRounds "9"]
[EventCountry "BRA"]
[SourceTitle "CBM 152 Extra"]
[Source "ChessBase"]
[SourceDate "2013.02.25"]
[SourceVersion "1"]
[SourceVersionDate "2013.02.25"]
[SourceQuality "1"]

1. d4 Nf6 2. c4 d6 3. Nc3 e5 4. d5 g6 5. e4 Bg7 6. f3 0-0 7. Bg5 c6 8. Qd2 c5 9. Bd3 a6 10. Nge2 Qc7 11. g4 Nbd7 12. a4 Ne8 13. Be7 Ndf6 14. Bxf8 Bxf8 15. Ng3 Ng7 16. f4 h5 17. g5 Nfe8 18. a5 Bd7 19. Na4 Bxa4 20. Rxa4 Rb8 21. Ke2 Qd7 22. Ra2 Nc7 23. b4 cxb4 24. Qxb4 Be7 25. Rb2 Na8 26. Qd2 Bd8 27. c5 dxc5 28. Bxa6 b5 29. axb6 Rxb6 30. Bc4 Ne8 31. Nf1 Nd6 32. Ne3 Rxb2 33. Qxb2 Nb6 34. Kd3 Ndxc4 35. Nxc4 Nxd5 36. exd5 Qxd5+ 37. Ke3 Qxc4 38. Qxe5 Ba5 39. Rb1 Bb4 40. Ra1 Ba3 41. Kd2 Bb4+ 42. Ke3 Ba3 43. Kd2 Bb4+ 44. Ke3 Ba3 1/2-1/2